000 00325nam a2200133 i 4500
001 bg
100 1 _aVARSAVER, B. A.
245 0 _aRascet i proektirovanie impulsnych usilitelej /
_cB.A. Varsaver.
260 _aMoskva,
_c1975.
040 _cBPK
041 _apol
942 _cKS
008 s pl f |000 0 pol
999 _c16392
_d16392
856 _uhttp://koha.tu.koszalin.pl/cgi-bin/koha/opac-detail.pl?biblionumber=16392
_yKatalog online BPK